|
|
|
|
| LEADER |
00994nam a2200217 i 4500 |
| 003 |
GR-PaULI |
| 005 |
20210117210430.0 |
| 008 |
170801t2012 gr ||||g |||| 00| 1 gre d |
| 020 |
|
|
|a 9789600355598
|
| 040 |
|
|
|a GR-PaULI
|b gre
|c GR-PaULI
|
| 082 |
0 |
4 |
|2 23
|a 823.914
|
| 100 |
1 |
|
|9 147963
|a Banville, John,
|d 1945-
|e συγγραφέας
|
| 245 |
1 |
0 |
|a Αρχαίο φώς :
|b μυθιστόρημα /
|c Τζών Μπάνβιλ ; μετάφραση απο τα αγγλικά Τονια Κοβαλένκο
|
| 260 |
|
|
|a Αθήνα :
|b Καστανιώτης,
|c c2012.
|
| 300 |
|
|
|a 284 σ. ;
|c 21 εκ.
|
| 700 |
1 |
|
|9 104226
|a Κοβαλένκο, Τόνια
|e μεταφραστής
|
| 765 |
0 |
0 |
|i Μετάφραση του:
|t Ancient light
|
| 942 |
|
|
|2 ddc
|c BK15
|
| 952 |
|
|
|0 0
|1 0
|2 ddc
|4 0
|6 823_914000000000000_ΒΑΝ
|7 0
|9 214437
|a LISP
|b LISP
|c DON
|d 2017-08-01
|e ΒΑΛ
|i 129661
|l 0
|o 823.914 ΒΑΝ
|p 025000247181
|r 2017-08-01 00:00:00
|t 1
|v 2017.00
|w 2017-08-01
|y BK15
|
| 998 |
|
|
|c ΣΑΤΛΑΝΗΣ
|d 2017-07
|
| 999 |
|
|
|c 130300
|d 130300
|